00320nam a2200133Ia 4500008004100000020001800041041000800059082001500067100001800082245002600100260003400126300000900160650001700169260223s2025 xx 000 0 und d a9789393885159 aeng a616.01/MUR aMurugan Arun. aApplied Microbiology. aB.S.B. PunebEMMESS,Pubc2025 a460P aMicrobiology